Undergraduate algebraic geometry
Gespeichert in:
| 1. Verfasser: | |
|---|---|
| Format: | Buch |
| Sprache: | Englisch |
| Veröffentlicht: |
Cambridge
University of Cambridge
1988
|
| Schriftenreihe: | London Mathematical Society Student Texts, 12
|
| Schlagworte: | |
| Tags: |
Tag hinzufügen
Keine Tags, Fügen Sie den ersten Tag hinzu!
|
MARC
| LEADER | 00000nam a2200000 a 4500 | ||
|---|---|---|---|
| 001 | UCS6134 | ||
| 003 | CL-VaPUC | ||
| 008 | 970912e19880000uk |||||||||||||||||eng|d | ||
| 082 | 0 | 4 | |a 516.3 |b REI |2 21 |
| 100 | 0 | |a Reid, Miles |e author |9 391623 | |
| 245 | 1 | 0 | |a Undergraduate algebraic geometry |
| 300 | |a 131 p | ||
| 942 | |c BK | ||
| 945 | |d 19970912 00:00:00 |a jquezada | ||
| 260 | |a Cambridge |b University of Cambridge |c 1988 | ||
| 650 | 0 | |a Geometría algebraica |9 270327 | |
| 650 | 0 | |a Matemática |9 260235 | |
| 650 | 0 | |a Álgebra |9 259567 | |
| 650 | 0 | |a Geometría analítica |9 260062 | |
| 650 | 0 | |a Funciones |9 263869 | |
| 583 | |a last modification |c 20171220 06:00:38 |k Rodrigo Vera | ||
| 490 | 0 | |a London Mathematical Society Student Texts, 12 | |
| 999 | |c 262102 |d 262100 | ||
| 952 | |0 0 |1 0 |4 0 |6 516_300000000000000_REI_1988 |7 0 |8 A |9 290282 |a BIBMAT |b BIBMAT |d 2019-11-19 |i 3349101 |o 516.3 REI 1988 |p 3349101 |r 2025-01-07 |w 2019-11-19 |y BK |k MAT | ||